<?xml version="1.0" encoding="UTF-8"?>
<record
    xmlns:xsi="http://www.w3.org/2001/XMLSchema-instance"
    xsi:schemaLocation="http://www.loc.gov/MARC21/slim http://www.loc.gov/standards/marcxml/schema/MARC21slim.xsd"
    xmlns="http://www.loc.gov/MARC21/slim">

  <leader>00408nam a2200133Ia 4500</leader>
  <controlfield tag="008">211119s9999||||xx |||||||||||||| ||und||</controlfield>
  <datafield tag="082" ind1=" " ind2=" ">
    <subfield code="a">808.882</subfield>
    <subfield code="b">BEA-I</subfield>
  </datafield>
  <datafield tag="100" ind1=" " ind2=" ">
    <subfield code="a">Beahm, George</subfield>
  </datafield>
  <datafield tag="245" ind1=" " ind2="0">
    <subfield code="a">I Steve:Steve Jobs in His Own Words</subfield>
  </datafield>
  <datafield tag="260" ind1=" " ind2=" ">
    <subfield code="b">Harpercollins</subfield>
    <subfield code="a">Noida</subfield>
    <subfield code="c">2011</subfield>
  </datafield>
  <datafield tag="300" ind1=" " ind2=" ">
    <subfield code="a">168p</subfield>
  </datafield>
  <datafield tag="650" ind1=" " ind2=" ">
    <subfield code="a"> Literature &amp; rhetoric</subfield>
    <subfield code="v">Rhetoric &amp; collections of literatureManagement</subfield>
    <subfield code="x">MBA LIBRARY</subfield>
  </datafield>
  <datafield tag="942" ind1=" " ind2=" ">
    <subfield code="c">BOOK</subfield>
  </datafield>
  <datafield tag="952" ind1=" " ind2=" ">
    <subfield code="0">0</subfield>
    <subfield code="1">0</subfield>
    <subfield code="4">0</subfield>
    <subfield code="7">0</subfield>
    <subfield code="a">SBCL</subfield>
    <subfield code="b">SBCL</subfield>
    <subfield code="c">4</subfield>
    <subfield code="d">2021-11-19</subfield>
    <subfield code="g">225.00</subfield>
    <subfield code="l">2</subfield>
    <subfield code="o">808.882 BEA-I</subfield>
    <subfield code="p">00132849</subfield>
    <subfield code="r">2023-03-06 00:00:00</subfield>
    <subfield code="s">2023-02-23</subfield>
    <subfield code="w">2021-11-19</subfield>
    <subfield code="y">BOOK</subfield>
  </datafield>
  <datafield tag="999" ind1=" " ind2=" ">
    <subfield code="c">119361</subfield>
    <subfield code="d">119361</subfield>
  </datafield>
</record>
